000 01194nam a22003377a 4500
003 CHAP
005 20220329143131.0
008 060619d2002 ii r 00110 eng d
010 _a92416
011 _a93388
035 _a103960
040 _cCHAP
090 _aFolleto 17102
100 1 _aShiferaw, Bekele.
_9105684
245 1 0 _aProverty and natural resources management in the semi-arid tropics:
_brevisiting challenges and conceptual issues
_c/by Bekele Shiferaw
260 _aAndhra Pradesh, India :
_bInternational Crops Research Institute for the Semi-Arid Tropics,
_c2002.
300 _a21 p.
490 0 _aWorking paper series
_v; 14
590 _aBATCH-UPD
_b10
_c20130110
_lUCH01
_h0739
590 _aBATCH-UPD
_b10
_c20130410
_lUCH01
_h0421
590 _aBATCH-UPD
_b10
_c20130914
_lUCH01
_h1924
590 _aCONVERSION
_b10
_c20130109
_lUCH01
_h1351
650 1 4 _aPobreza.
_989463
650 1 4 _aRecursos naturales
_xAdministración.
_995175
650 1 4 _aRecursos naturales
_xRegiones áridas.
_995311
830 0 _aWorking paper series
_v; 14
_9122630
901 _aBK
905 _aLilia
942 _cFOLL
949 _aFolleto 17102
_bBC
_cFOLL
_d33724000990172
_eTS1
_i103960
_sb
999 _c92416
_d92416